Normal view
MARC view
- العلوم الاجتماعية -- المحاكمات
Entry Topical Term
001 - CONTROL NUMBER
- control field: 46551
003 - CONTROL NUMBER IDENTIFIER
- control field: JO-AjAnu
005 - DATE AND TIME OF LATEST TRANSACTION
- control field: 20230606081707.0
008 - FIXED-LENGTH DATA ELEMENTS
- fixed length control field: 230606|| aca||aabn | a|a d
040 ## - CATALOGING SOURCE
- Original cataloging agency: JO-AjAnu
- Transcribing agency: JO-AjAnu
150 ## - HEADING--TOPICAL TERM
- Topical term or geographic name entry element: العلوم الاجتماعية -- المحاكمات
670 ## - SOURCE DATA FOUND
- Source citation: Work cat.: (JO-AjAnu)23828: داود ، احمد محمد علي , author 46550, القرارات الاستئنافية في أصول المحاكمات الشرعية ومناهج الدعوى، الجزء الاول